Etické kódexy vo finančných inštitúciách
Pojem a funkcie etických kódexov. Klasifikácia etických kódexov. Výhody používania etických kódexov vo firmách. Zostavenie etického kódexu.
Salvato in:
| Autore principale: | |
|---|---|
| Natura: | Capitolo di libro |
| Lingua: | slovacco |
| Soggetti: | |
| Tags: |
Nessun Tag, puoi essere il primo ad aggiungerne!!
|
MARC
| LEADER | 00000nla$a2200000$$$4500 | ||
|---|---|---|---|
| 001 | 0027115 | ||
| 005 | 20240502071427.7 | ||
| 041 | 0 | |a slo | |
| 044 | |a SK | ||
| 245 | 1 | 0 | |a Etické kódexy vo finančných inštitúciách |c Ctibor Pilch |
| 520 | |a Pojem a funkcie etických kódexov. Klasifikácia etických kódexov. Výhody používania etických kódexov vo firmách. Zostavenie etického kódexu. | ||
| 610 | 2 | 0 | |a kódexy etické |
| 610 | 2 | 0 | |a organizácie finančné |
| 610 | 2 | 0 | |a normy etické |
| 610 | 2 | 0 | |a firmy |
| 610 | 2 | 0 | |a manažéri |
| 100 | 1 | |a Šturc, Boris, 1961- | |